NFL Team Most TE Receptions in a Game - Statistics

General Stats
  • This quiz has been taken 36 times
  • The average score is 18 of 53
Answer Stats
Team Recs. RB % Correct
SFF 15 George Kittle
89%
KAN 14 Tony Gonzalez
85%
ATL 13 Tony Gonzalez
85%
PHI 15 Zach Ertz
81%
BAL 11 Mark Andrews
67%
BAL 11 Mark Andrews
67%
MIN 13 T.J. Hockenson
67%
DEN 13 Shannon Sharpe
63%
CAR 10 Greg Olsen
59%
CAR 10 Greg Olsen
59%
SEA 8 Jimmy Graham
56%
SEA 8 Jimmy Graham
56%
CLE 14 Ozzie Newsome
56%
IND 14 Dallas Clark
52%
JAX 11 Evan Engram
52%
JAX 11 Evan Engram
52%
NYG 12 Jeremy Shockey
52%
LAC 15 Kellen Winslow
52%
WAS 13 Logan Thomas
52%
BUF 10 Dalton Kincaid
44%
PIT 10 Heath Miller
44%
TEN 10 Delanie Walker
33%
TEN 10 Delanie Walker
33%
CHI 13 Mike Ditka
33%
MIA 10 Mike Gesicki
30%
ARI 10 Trey McBride
30%
ARI 10 Trey McBride
30%
NEP 12 Ben Coates
26%
NYG 12 Mark Bavaro
26%
TEN 10 Frank Wycheck
22%
TEN 10 Frank Wycheck
22%
HOU 11 Owen Daniels
22%
BAL 11 Dennis Pitta
19%
SEA 8 Gerald Everett
19%
TBB 10 Cameron Brate
15%
TBB 10 Jackie Harris
15%
GBP 10 Robert Tonyan
15%
CIN 10 Rodney Holman
15%
CAR 10 Wesley Walls
15%
CIN 10 Jermaine Gresham
11%
PIT 10 Jesse James
11%
SEA 8 John Carlson
11%
NYJ 12 Mickey Shuler
11%
BUF 10 Pete Metzelaars
11%
DET 11 Brandon Pettigrew
7%
LAR 13 Jim Phillips
7%
TEN 10 Bo Scaife
4%
LVR 14 Brandon Myers
4%
SEA 8 Jacob Hollister
4%
CAR 10 Jeff King
4%
NOS 12 John Beasley
4%
BUF 10 Keith McKeller
4%
TEN 10 Mike Barber
4%
No matching quizzes found
Score Distribution
Percent of People with Each Score
Percentile by Number Answered
Your Score History
You have not taken this quiz